| 000 | 00662nmc a2200265 a 4500 | ||
|---|---|---|---|
| 003 | AR-BaBNM | ||
| 005 | 20251128204247.0 | ||
| 008 | 075019s1988 ||||||||||||||000 | spa|| | ||
| 020 | _a950-40-0032-0 | ||
| 040 | _cAR-BaBNM | ||
| 100 | 1 | _aBorges, Jorge Luis | |
| 245 | 1 | 0 |
_aBiblioteca personal _bprólogos |
| 260 |
_aBuenos Aires _bAlianza editorial _c1988 |
||
| 300 | 0 | _a132 p. | |
| 490 | 0 |
_aAlianza Tres _vv. 209 |
|
| 650 | 4 | _aLITERATURA UNIVERSAL | |
| 650 | 4 | _aCRITICA LITERARIA | |
| 650 | 4 | _aANALISIS LITERARIO | |
| 650 | 4 | _aESCRITORES | |
| 650 | 4 | _aANTOLOGIAS | |
| 650 | 4 | _aESCRITORES | |
| 655 | _aLITERATURA | ||
| 942 | _cBK | ||
| 998 | _cEthel | ||
| 999 |
_c6752 _d6752 |
||